| 000 | 01107nam a22003017a 4500 | ||
|---|---|---|---|
| 001 | 4719 | ||
| 003 | FISKH | ||
| 005 | 20250404103147.0 | ||
| 008 | 240925b cb ||||| |||| 00| 0 eng d | ||
| 020 | _a9780545054591 | ||
| 040 |
_aFISKH _beng _cFISKH _dFISKH |
||
| 050 | _aPZ7.M85354 | ||
| 082 | _2823.92 | ||
| 100 | _aMoss, Olivia | ||
| 245 |
_aSkipper to the rescue / _cby Olivia Moss illustrated by Helen Turner |
||
| 250 | _aFirst printing in 2008 | ||
| 260 |
_aLodon : _bScolastic, _c2008. |
||
| 300 |
_a72 pages : _billustrations ; _c20cm |
||
| 505 | _aN | ||
| 520 | _aSkipper, Dazzle, and their friends plan to spend the day flitting about the forest. But an unexpected storm spells trouble for the butterflies --- especially when they discover a cocoon about to hatch. Can Skipper help this new butterfly weather the storm? Real butterfly facts included at the end of the book! | ||
| 521 | 8 |
_a580L
_bLexile |
|
| 521 | 8 |
_aN
_bRaz-Plus |
|
| 650 |
_2Fiction _aNovel |
||
| 650 |
_2Butterflies _aDutch |
||
| 700 |
_aTurner, Helen _dIllustrator |
||
| 942 |
_2ddc _cBK _n0 |
||
| 999 |
_c4719 _d4719 |
||